000 00507nam a2200193Ia 4500
005 20250508161142.0
008 008 250505s9999 xx 000 0 eng d
037 _aReference
040 _aFEDL
_beng
_cFEDL
041 _aeng
_2eng
084 _a910.7, MAC
_qFEDL
100 _aMacnee E A
245 0 _aTeaching of geography
250 _a4th
260 _aLondon, UK
_bOxford University Press
_c1956
300 _aviii,187p.
942 _cREF
_h910.7, MAC
999 _c1368638
_d1368638